| 000 | 01783nam a22001697a 4500 | ||
|---|---|---|---|
| 003 | SGT | ||
| 020 | _a9788126552344 | ||
| 082 | _a337.SAL | ||
| 100 | _aSALVATORE,DOMINICK | ||
| 245 | _aINTERNATIONAL ECONOMICS | ||
| 250 | _a11TH | ||
| 260 |
_aNEW DELHI _bWILEY _c2014 |
||
| 300 | _a757 | ||
| 650 | _aINTERNATIONAL ECONOMICS | ||
| 653 | _aPART ONE: INTERNATIONAL TRADE THEORY. • THE LAW OF COMPARATIVE ADVANTAGE. • THE STANDARD THEORY OF INTERNATIONAL TRADE. • DEMAND AND SUPPLY, OFFER CURVES AND THE TERMS OF TRADE. • FACTOR ENDOWMENTS AND THE HECKSCHER-OHLIN THEORY. • ECONOMIES OF SCALE, IMPERFECT COMPETITION AND INTERNATIONAL TRADE. • ECONOMIC GROWTH AND INTERNATIONAL TRADE. PART TWO: INTERNATIONAL TRADE POLICY. • TRADE RESTRICTIONS: TARIFFS. • NONTARIFF TRADE BARRIERS AND THE NEW PROTECTIONISM. • ECONOMIC INTEGRATION: CUSTOMS UNIONS AND FREE TRADE AREAS. • INTERNATIONAL TRADE AND ECONOMIC DEVELOPMENT. • INTERNATIONAL RESOURCE MOVEMENTS AND MULTINATIONAL CORPORATIONS. PART THREE: BALANCE OF PAYMENTS AND EXCHANGE RATES. • BALANCE OF PAYMENTS. • FOREIGN EXCHANGE MARKETS AND EXCHANGE RATES. • EXCHANGE RATE DETERMINATION. PART FOUR: OPEN-ECONOMY MACROECONOMICS AND THE INTERNATIONAL MONETARY SYSTEM. • THE PRICE ADJUSTMENT MECHANISM WITH FLEXIBLE AND FIXED EXCHANGE RATES. • THE INCOME ADJUSTMENT MECHANISM AND SYNTHESIS OF AUTOMATIC ADJUSTMENTS. • OPEN-ECONOMY MACROECONOMICS: ADJUSTMENT POLICIES. • PRICES AND OUTPUT IN AN OPEN ECONOMY: AGGREGATE DEMAND & AGGREGATE SUPPLY. • FLEXIBLE VERSUS FIXED EXCHANGE RATES, THE EUROPEAN MONETARY SYSTEM AND MACROECONOMIC POLICY COORDINATION. • THE INTERNATIONAL MONETARY SYSTEM: PAST, PRESENT AND FUTURE. | ||
| 942 |
_2ddc _cFCM |
||
| 999 |
_c9022 _d9022 |
||